000
00296nam a22001337a 4500
008
180910b xxu||||| |||| 00| 0 eng d
020
_a
9780538724821
041
_a
eng
080
_a
004
100
_a
35
101
_a
SHK
245
_a
Keyboard And Word Processing
_c
Woo.V
942
_2
udc
_c
BK
999
_c
47626
_d
47626